| 000 | 00958nas a2200325 4500 | ||
|---|---|---|---|
| 001 | BR2014001345 | ||
| 003 | BR-BrBNA | ||
| 005 | 20231205123737.0 | ||
| 007 | ta | ||
| 008 | 230509b bl.|||p| |||| 00| 00por d | ||
| 040 |
_aBR-BrBNA _bpor _cBiblioteca Nacional de Agricultura |
||
| 041 | _a(Pt) | ||
| 072 | _aM12 | ||
| 100 | 1 | _aTakahashi, L.S. | |
| 100 | 1 | _aSilva, T.V. da | |
| 100 | 1 | _aFernandes, J.B.K. | |
| 100 | 1 | _aBiller, J.D. | |
| 100 | 1 | _aSandre, L.C.G. de | |
| 245 | 1 | _aEfeito do tipo de alimento no desempenho produtivo de juvenis de acará-bandeira (Pterophyllum scalare) | |
| 650 | _aPEIXE | ||
| 650 | _aQUALIDADE DA ÁGUA | ||
| 650 | _aPH | ||
| 650 | _aDIETA | ||
| 650 | _aPRODUTIVIDADE | ||
| 650 | _aGANHO DE PESO | ||
| 650 | _aALIMENTAÇÃO | ||
| 773 | 0 |
_tBoletim do Instituto de Pesca (Brazil) _xISSN 0046-9939 _g(2010), v. 36(1) p. 1-8 _wBR2014001345 |
|
| 909 |
_a202311 _bLúcia _c55 _dLúcia Elande |
||
| 942 |
_2AGRIS _n0 _cANA |
||
| 999 |
_c235480 _d235480 |
||